[Event "Politiken Cup 2013"]
[Site "Helsingør "]
[Date "2013.07.28"]
[Round "3.98"]
[White "Norlander, Svante"]
[Black "Sorensen, Dick"]
[Result "1/2-1/2"]
[WhiteElo "1796"]
[BlackElo "2000"]
[PlyCount "27"]
[EventDate "2013.07.27"]

1. e4 c5 2. Nf3 e6 3. d4 cxd4 4. Nxd4 a6 5. Nb3 Nc6 6. a3 Nf6 7. Bd3 Qc7 8. O-O
b5 9. c3 Bb7 10. Bg5 Be7 11. Qe2 O-O 12. f4 d6 13. N1d2 e5 14. Rac1 1/2-1/2

[Event "Politiken Cup 2013"]
[Site "Helsingør "]
[Date "2013.07.28"]
[Round "3.101"]
[White "Preuss, Flemming"]
[Black "Pedersen, Carl Aage"]
[Result "1/2-1/2"]
[WhiteElo "1994"]
[BlackElo "1734"]
[PlyCount "149"]
[EventDate "2013.07.27"]

1. e4 c5 2. Nc3 d6 3. g3 g6 4. Bg2 Bg7 5. d3 Nc6 6. f4 e6 7. Nf3 Nge7 8. O-O
O-O 9. Be3 a6 10. a4 b6 11. d4 cxd4 12. Nxd4 Bb7 13. Nce2 Qc7 14. Rc1 Rfd8 15.
c4 Nxd4 16. Bxd4 Bxd4+ 17. Qxd4 Qc5 18. Rfd1 Nc6 19. Qf2 Qxf2+ 20. Kxf2 Kf8 21.
b3 Ke7 22. Ke3 Rac8 23. h4 h5 24. Bf3 Ba8 25. Rd2 f6 26. Rcd1 Rd7 27. Nc3 Rcd8
28. f5 Ne5 29. fxe6 Kxe6 30. Be2 Ke7 31. Rf1 Bb7 32. Bd1 Rf8 33. Rdf2 Rdd8 34.
Be2 Rc8 35. Rg1 Rg8 36. g4 hxg4 37. Bxg4 Nxg4+ 38. Rxg4 Rcd8 39. Kd4 Rc8 40.
Rgf4 Rgf8 41. Re2 Kd7 42. Rg4 Rg8 43. Nd5 Bxd5 44. exd5 Rce8 45. Reg2 Rh8 46.
Rf4 g5 47. hxg5 fxg5 48. Rxg5 Rh3 49. Rg7+ Re7 50. Rxe7+ Kxe7 51. Re4+ Kd7 52.
Re3 Rh4+ 53. Kc3 a5 54. Rg3 Rh7 55. Rg8 Rh3+ 56. Kb2 Rh2+ 57. Ka3 Rh3 58. Rg7+
Kc8 59. Rg2 Kc7 60. Kb2 Rf3 61. Kc2 Rh3 62. Rd2 Rg3 63. Rd3 Rg2+ 64. Kc3 Rh2
65. Rg3 Rh1 66. Kd4 Rd1+ 67. Ke4 Re1+ 68. Kf4 Rf1+ 69. Rf3 Rb1 70. Kf5 Kd7 71.
Kf6 Rb2 72. Kf7 Rb1 73. Kf8 Rb2 74. Rf7+ Kd8 75. Rf3 1/2-1/2

[Event "Politiken Cup 2013"]
[Site "Helsingør "]
[Date "2013.07.28"]
[Round "3.102"]
[White "Heimisson, Hilmir Freyr"]
[Black "Larsen, Ulrik"]
[Result "0-1"]
[WhiteElo "1690"]
[BlackElo "1992"]
[PlyCount "68"]
[EventDate "2013.07.27"]

1. e4 c5 2. Nc3 e6 3. f4 d5 4. d3 Nc6 5. Nf3 Nf6 6. e5 Nd7 7. Be2 Be7 8. O-O
O-O 9. Qe1 f6 10. Qg3 Nd4 11. Bd1 Nxf3+ 12. Bxf3 fxe5 13. fxe5 Bh4 14. Qh3 Nxe5
15. Bd2 Bf6 16. Qg3 Nxf3+ 17. Rxf3 Bd4+ 18. Kh1 Rxf3 19. gxf3 Qf6 20. Nb5 Be5
21. Qg4 Bxb2 22. Rg1 Bd7 23. Nc7 Rf8 24. f4 Rc8 25. Nxd5 Bc6 26. c4 Rd8 27. h3
exd5 28. cxd5 Rxd5 29. Kh2 Rxd3 30. Be1 Bd7 31. f5 Bxf5 32. Qc4+ Qe6 33. Qxe6+
Bxe6 34. Bg3 Rd2+ 0-1

[Event "Politiken Cup 2013"]
[Site "Helsingør "]
[Date "2013.07.28"]
[Round "3.103"]
[White "Oe, Oluf"]
[Black "Kyrkjebo, Eirik"]
[Result "1-0"]
[WhiteElo "1992"]
[BlackElo "1711"]
[PlyCount "95"]
[EventDate "2013.07.27"]

1. c4 e5 2. Nc3 Nc6 3. Nf3 d6 4. d4 Be7 5. d5 Nb8 6. e4 f5 7. Bd3 f4 8. Nxe5
dxe5 9. Qh5+ g6 10. Qxe5 Nf6 11. Bxf4 c6 12. d6 Kf7 13. Qxe7+ Qxe7 14. dxe7
Kxe7 15. O-O Be6 16. c5 Rd8 17. Rad1 Rd7 18. Bc2 Na6 19. Bd6+ Kf7 20. a3 Nc7
21. h3 Nfe8 22. Be5 Rad8 23. Rxd7+ Rxd7 24. Rd1 Rxd1+ 25. Bxd1 Bc4 26. f4 Ne6
27. b4 Nf6 28. Kf2 Nd7 29. Bd6 Nd4 30. Ke3 Nb5 31. Nxb5 Bxb5 32. Bb3+ Ke8 33.
g4 Bf1 34. h4 Nf6 35. g5 Nd7 36. Bg8 Nf8 37. f5 Bh3 38. Bxf8 Kxf8 39. Bxh7 gxf5
40. Bxf5 Bf1 41. Kf4 Bc4 42. h5 Kg7 43. h6+ Kh8 44. g6 b6 45. Bd7 b5 46. Bxc6
a6 47. Bd5 a5 48. g7+ 1-0

[Event "Politiken Cup 2013"]
[Site "Helsingør "]
[Date "2013.07.28"]
[Round "3.104"]
[White "Rolvaag, Birk Anders"]
[Black "Larsen, Ulrik Jejlskov"]
[Result "1-0"]
[WhiteElo "1988"]
[BlackElo "1700"]
[PlyCount "35"]
[EventDate "2013.07.27"]

1. c4 b6 2. Nf3 Bb7 3. d4 e6 4. g3 Bb4+ 5. Nc3 Bxc3+ 6. bxc3 Bxf3 7. exf3 Nf6
8. Bg2 c6 9. Ba3 d6 10. Qa4 O-O 11. f4 Qc7 12. O-O Re8 13. Rfe1 d5 14. cxd5
exd5 15. Rxe8+ Nxe8 16. Bxd5 b5 17. Qb4 Nd6 18. Bg2 1-0

[Event "Politiken Cup 2013"]
[Site "Helsingør "]
[Date "2013.07.28"]
[Round "3.105"]
[White "Christiansen, Niels Jorgen"]
[Black "Haldorsen, Benjamin"]
[Result "0-1"]
[WhiteElo "1669"]
[BlackElo "1983"]
[PlyCount "80"]
[EventDate "2013.07.27"]

1. e4 e5 2. Nf3 Nc6 3. Bb5 a6 4. Ba4 Nf6 5. O-O Nxe4 6. d4 b5 7. Bb3 d5 8. dxe5
Be6 9. c3 Bc5 10. Be3 Bxe3 11. fxe3 O-O 12. Bc2 Bg4 13. Bxe4 dxe4 14. Qxd8
Raxd8 15. Ng5 Nxe5 16. h3 Bc8 17. Nxe4 Nc4 18. Na3 Nxb2 19. Rab1 Na4 20. Rbc1
Rfe8 21. Rfd1 Rxd1+ 22. Rxd1 Bb7 23. Ng3 g6 24. Nf1 Nxc3 25. Rd2 b4 26. Rb2
Bxg2 27. Rxg2 bxa3 28. Rc2 Nd5 29. Rc4 Re6 30. Kf2 Kf8 31. Ke2 Rd6 32. Nd2 f5
33. Nb3 Ke7 34. Na5 Kd7 35. Nb3 Rc6 36. Nc5+ Kd6 37. Nb7+ Kd7 38. Rxc6 Kxc6 39.
Na5+ Kb6 40. Nb3 Nc3+ 0-1

[Event "Politiken Cup 2013"]
[Site "Helsingør "]
[Date "2013.07.28"]
[Round "3.106"]
[White "Quinn, David"]
[Black "Bratteteig, Tore-Inge"]
[Result "1/2-1/2"]
[WhiteElo "1983"]
[BlackElo "1692"]
[PlyCount "84"]
[EventDate "2013.07.27"]

1. d4 d5 2. c4 c6 3. Nc3 Nf6 4. e3 Bf5 5. Nf3 e6 6. Be2 Bd6 7. O-O Nbd7 8. h3
h6 9. b3 O-O 10. Bb2 Re8 11. Rc1 Qe7 12. Nh4 Bh7 13. g3 Ba3 14. Bxa3 Qxa3 15.
Bd3 Bxd3 16. Qxd3 Qf8 17. f4 g6 18. Rc2 Qg7 19. Rcf2 Kh8 20. Kh1 Rg8 21. Nf3
Qh7 22. Ne5 Raf8 23. g4 Nxe5 24. fxe5 Nd7 25. cxd5 cxd5 26. Nb5 Rg7 27. Nd6 Qg8
28. Qb5 Nb6 29. a4 g5 30. a5 Nc8 31. Nxb7 h5 32. Nc5 hxg4 33. Qe2 Rh7 34. Qxg4
Rh4 35. Qg3 Qh7 36. Kh2 g4 37. Qf4 Rxh3+ 38. Kg2 Rg8 39. Qf6+ Rg7 40. Qd8+ Rg8
41. Qf6+ Rg7 42. Qd8+ Rg8 1/2-1/2

[Event "Politiken Cup 2013"]
[Site "Helsingør "]
[Date "2013.07.28"]
[Round "3.107"]
[White "Jacobsen, Caroline Beer"]
[Black "Molin, Claus"]
[Result "0-1"]
[WhiteElo "1585"]
[BlackElo "1982"]
[PlyCount "80"]
[EventDate "2013.07.27"]

1. c4 Nf6 2. g3 g6 3. Bg2 Bg7 4. e4 d6 5. d3 O-O 6. Ne2 c5 7. O-O Nc6 8. Nbc3
Ne8 9. a3 Nc7 10. Rb1 a5 11. Bd2 Ne6 12. f4 Ned4 13. Nxd4 Nxd4 14. Ne2 Bg4 15.
Re1 Qd7 16. Bc3 Nxe2+ 17. Rxe2 b5 18. Bxg7 Kxg7 19. Kf2 Rab8 20. Bf3 Bxf3 21.
Kxf3 bxc4 22. dxc4 Qh3 23. Qc2 Rb7 24. e5 Rfb8 25. b3 Qf5 26. Qb2 Qxb1 27. Qxb1
Rxb3+ 28. Qxb3 Rxb3+ 29. Re3 Rxe3+ 30. Kxe3 dxe5 31. fxe5 e6 32. g4 f6 33. h4
g5 34. h5 f5 35. Kf3 a4 36. Kg3 fxg4 37. Kxg4 Kh6 38. Kg3 Kxh5 39. Kh3 g4+ 40.
Kg3 Kg5 0-1

[Event "Politiken Cup 2013"]
[Site "Helsingør "]
[Date "2013.07.28"]
[Round "3.108"]
[White "Skjoldager, Flemming"]
[Black "Kyrkjebo, Marte B"]
[Result "1-0"]
[WhiteElo "1979"]
[BlackElo "1641"]
[PlyCount "71"]
[EventDate "2013.07.27"]

1. e4 e5 2. Nf3 Nc6 3. Bb5 a6 4. Ba4 Nf6 5. d4 exd4 6. O-O Be7 7. Re1 O-O 8. e5
Nd5 9. Bb3 Nb6 10. Nxd4 Bc5 11. c3 Re8 12. Bf4 Nxd4 13. cxd4 Bb4 14. Nc3 d6 15.
Qf3 Bxc3 16. bxc3 d5 17. Qg3 Bf5 18. e6 Rc8 19. exf7+ Kxf7 20. Rxe8 Qxe8 21.
Be5 Bg6 22. Qf3+ Kg8 23. Bxd5+ Nxd5 24. Qxd5+ Bf7 25. Qxb7 Bc4 26. f3 Qd7 27.
a4 Kf8 28. Re1 Kg8 29. h3 a5 30. Kh2 Qd8 31. Qc6 Bf7 32. Rb1 Be8 33. Qc5 Bf7
34. Qxa5 Bg6 35. Rb7 Qd5 36. Qxd5+ 1-0

[Event "Politiken Cup 2013"]
[Site "Helsingør "]
[Date "2013.07.28"]
[Round "3.110"]
[White "Rasmussen, Lars"]
[Black "Bremer, Erik"]
[Result "1-0"]
[WhiteElo "1977"]
[BlackElo "1493"]
[PlyCount "71"]
[EventDate "2013.07.27"]

1. e4 c5 2. Nf3 d6 3. d4 cxd4 4. Nxd4 Nf6 5. Nc3 a6 6. Be2 e6 7. O-O Be7 8. f4
O-O 9. Kh1 Qc7 10. Be3 Bd7 11. Qe1 Nc6 12. Qg3 b5 13. a3 Rfc8 14. Bf3 Ne8 15.
Rae1 Qd8 16. Qf2 Rab8 17. Nb3 b4 18. axb4 Nxb4 19. Bg4 Nf6 20. Bf3 Rc4 21. e5
Ne8 22. Nd2 Rxc3 23. bxc3 Nxc2 24. Rb1 Bb5 25. c4 Na3 26. cxb5 Nxb1 27. Rxb1
Qa5 28. Bc6 Qa2 29. Bxe8 Rxe8 30. b6 Rb8 31. b7 dxe5 32. Ba7 Bb4 33. Qe2 Qxb1+
34. Nxb1 Rxb7 35. Qc2 h6 36. Qc8+ 1-0

[Event "Politiken Cup 2013"]
[Site "Helsingør "]
[Date "2013.07.28"]
[Round "3.126"]
[White "Fredericia, Ellen"]
[Black "Hedin, Niclas"]
[Result "1/2-1/2"]
[WhiteElo "1544"]
[BlackElo "1969"]
[PlyCount "95"]
[EventDate "2013.07.27"]

1. d4 Nf6 2. c4 e6 3. Nc3 Bb4 4. Qc2 c5 5. a3 Bxc3+ 6. Qxc3 b6 7. Bg5 h6 8. Bh4
Bb7 9. f3 d6 10. e3 Nbd7 11. Bd3 O-O 12. Ne2 Qc7 13. O-O Rac8 14. Rac1 Rfe8 15.
e4 e5 16. d5 g5 17. Bg3 Nf8 18. Rc2 Ng6 19. f4 Ng4 20. fxe5 N4xe5 21. Rf5 Rcd8
22. Rc1 Bc8 23. Rf2 Qe7 24. Rcf1 Rf8 25. b3 f6 26. a4 a5 27. Qc2 h5 28. h3 h4
29. Bh2 Kg7 30. Qd2 Nxd3 31. Qxd3 Rde8 32. Nc3 Ne5 33. Qe3 Ng6 34. Qf3 Ne5 35.
Qe3 g4 36. Bxe5 Qxe5 37. hxg4 Bxg4 38. Rf4 f5 39. Qd3 Qd4+ 40. Qxd4+ cxd4 41.
exf5 Bxf5 42. Rxd4 h3 43. gxh3 Re3 44. Nb5 Rg3+ 45. Kh2 Rxh3+ 46. Kg2 Rh6 47.
Rf3 Rg6+ 48. Rg3 1/2-1/2

[Event "Politiken Cup 2013"]
[Site "Helsingør "]
[Date "2013.07.28"]
[Round "3.127"]
[White "Jarlnaes, Erik"]
[Black "Merkesvik, Frode"]
[Result "1-0"]
[WhiteElo "1961"]
[BlackElo "1611"]
[PlyCount "67"]
[EventDate "2013.07.27"]

1. e4 Nf6 2. Nc3 e5 3. Nf3 d6 4. d4 exd4 5. Nxd4 Be7 6. Be2 O-O 7. Qd3 Nbd7 8.
Qg3 Ne5 9. h4 Bg4 10. Bxg4 Nfxg4 11. f4 Bf6 12. fxe5 Bxe5 13. Qxg4 Bxd4 14. Bg5
f6 15. Bh6 f5 16. exf5 Qe7+ 17. Kd2 Bxc3+ 18. bxc3 Qf6 19. Bg5 Qxf5 20. Qxf5
Rxf5 21. Rhf1 Raf8 22. Rxf5 Rxf5 23. Re1 Re5 24. Rxe5 dxe5 25. Bd8 c6 26. Ke3
Kf7 27. Ke4 Ke6 28. Bc7 g6 29. g4 a6 30. c4 b5 31. c5 h5 32. g5 Kd7 33. Ba5 Ke6
34. Bc3 1-0

[Event "Politiken Cup 2013"]
[Site "Helsingør "]
[Date "2013.07.28"]
[Round "3.128"]
[White "Ranby, Hans"]
[Black "Greibrokk, Ingrid Andrea"]
[Result "1-0"]
[WhiteElo "1958"]
[BlackElo "1598"]
[PlyCount "57"]
[EventDate "2013.07.27"]

1. b4 e5 2. Bb2 Bxb4 3. Bxe5 Nf6 4. Nf3 Nc6 5. Bb2 O-O 6. e3 d5 7. Be2 Re8 8.
O-O Bd6 9. c4 Ne5 10. cxd5 Nxd5 11. Nc3 Nb6 12. Nxe5 Bxe5 13. f4 Bd6 14. Qe1
Bf8 15. f5 a6 16. f6 g6 17. Rd1 Re6 18. Qh4 Bd7 19. Ne4 h6 20. Bd4 Na4 21. Bc4
Rc6 22. Bb3 Nb6 23. Qg3 Bf5 24. Rxf5 Kh7 25. Bxf7 g5 26. Nxg5+ hxg5 27. Qxg5
Bh6 28. Qg6+ Kh8 29. Qxh6# 1-0

[Event "Politiken Cup 2013"]
[Site "Helsingør "]
[Date "2013.07.28"]
[Round "3.58"]
[White "Oland, Arne"]
[Black "Sorensen, Bernhard"]
[Result "1-0"]
[WhiteElo "1955"]
[BlackElo "1591"]
[PlyCount "115"]
[EventDate "2013.07.27"]

1. d4 e6 2. e4 d5 3. Nc3 c5 4. exd5 exd5 5. Bb5+ Nc6 6. Qe2+ Be6 7. Nf3 a6 8.
Bxc6+ bxc6 9. O-O cxd4 10. Nxd4 Qd7 11. Re1 Be7 12. Nxe6 fxe6 13. Qxe6 O-O-O
14. Qe2 Kb7 15. Bf4 Bd6 16. Bxd6 Qxd6 17. Rad1 Nf6 18. Qe7+ Qxe7 19. Rxe7+ Rd7
20. Rxd7+ Nxd7 21. Re1 g6 22. f3 Nb6 23. Re7+ Kb8 24. b3 d4 25. Ne2 c5 26. Re5
Nd7 27. Re6 Kb7 28. Nf4 g5 29. Nd3 h6 30. Kf2 Rh7 31. Kg3 a5 32. h4 gxh4+ 33.
Kxh4 Rg7 34. g4 Rf7 35. f4 Rf6 36. Nxc5+ Kc7 37. Rxf6 Nxf6 38. Ne6+ Kd6 39.
Nxd4 Nd5 40. Kg3 Kc5 41. Ne2 Nb4 42. c3 Nd5 43. g5 hxg5 44. fxg5 Kd6 45. c4 Nb4
46. Nc3 Ke5 47. Kg4 Kd4 48. Nb5+ Ke5 49. a3 Nc2 50. Kh5 Ne3 51. g6 Nf5 52. Kg5
Ng7 53. b4 axb4 54. axb4 Ke6 55. Nd4+ Ke5 56. Nc2 Ne6+ 57. Kh6 Kf6 58. c5 1-0

[Event "Politiken Cup 2013"]
[Site "Helsingør "]
[Date "2013.07.28"]
[Round "3.129"]
[White "Sivaranjan, Aschmirthan"]
[Black "Olsson, Tomas"]
[Result "1/2-1/2"]
[WhiteElo "1583"]
[BlackElo "1932"]
[PlyCount "48"]
[EventDate "2013.07.27"]

1. e4 e5 2. Nf3 Nc6 3. Bb5 a6 4. Ba4 d6 5. c3 Bd7 6. d3 Nf6 7. Nbd2 g6 8. Nf1
Bg7 9. Ng3 h6 10. O-O O-O 11. h3 Kh7 12. Bc2 b5 13. Nh2 Ne7 14. f4 Nfg8 15. f5
Nf6 16. d4 Bc6 17. Ng4 Neg8 18. dxe5 Nxg4 19. Qxg4 Bxe5 20. Be3 Nf6 21. Qh4 Ng8
22. Qg4 Nf6 23. Qh4 Ng8 24. Qg4 Nf6 1/2-1/2

[Event "Politiken Cup 2013"]
[Site "Helsingør "]
[Date "2013.07.28"]
[Round "3.116"]
[White "Zyde, Fadmal"]
[Black "Rasmussen, Morten"]
[Result "0-1"]
[WhiteElo "1675"]
[BlackElo "1921"]
[PlyCount "72"]
[EventDate "2013.07.27"]

1. e4 c5 2. Nf3 e6 3. d4 cxd4 4. Nxd4 Nc6 5. Nxc6 bxc6 6. Nc3 d5 7. exd5 cxd5
8. Bd3 Nf6 9. Qf3 Be7 10. Bg5 O-O 11. h4 Qd6 12. a3 Rd8 13. Nb5 Qb6 14. Rb1 e5
15. Qg3 e4 16. Be2 a6 17. Nc3 Bb7 18. O-O Rac8 19. Rfc1 d4 20. Nd1 Bc6 21. b3
Bd6 22. Qh3 Bd7 23. g4 Bxa3 24. Nb2 Qe6 25. Nc4 Bxc1 26. Rxc1 h6 27. Bxf6 Qxf6
28. Qg3 Bb5 29. Kg2 Qc6 30. Ne5 Qc7 31. Nc4 Qxg3+ 32. Kxg3 d3 33. cxd3 exd3 34.
Bf3 d2 35. Rd1 Bxc4 36. bxc4 Rxc4 0-1

[Event "Politiken Cup 2013"]
[Site "Helsingør "]
[Date "2013.07.28"]
[Round "3.130"]
[White "Rasmussen, Morten"]
[Black "Dyrhaug, Sverre S"]
[Result "1-0"]
[WhiteElo "1920"]
[BlackElo "1577"]
[PlyCount "57"]
[EventDate "2013.07.27"]

1. d4 Nf6 2. Bf4 d5 3. e3 Bf5 4. c3 e6 5. Qb3 b6 6. Bb5+ Nbd7 7. Nf3 c5 8. Bc6
a6 9. Bxa8 Qxa8 10. O-O Nh5 11. Ne5 b5 12. Qd1 Nxf4 13. exf4 Nxe5 14. fxe5 Be7
15. f4 O-O 16. Nd2 a5 17. g4 Bd3 18. Rf2 b4 19. a3 bxa3 20. bxa3 a4 21. f5 Qa5
22. f6 gxf6 23. exf6 Bd6 24. Qc1 Kh8 25. Nf3 Rb8 26. Ng5 Qc7 27. Qe3 Rb3 28.
Qh3 Rxc3 29. Qh6 1-0

[Event "Politiken Cup 2013"]
[Site "Helsingør "]
[Date "2013.07.28"]
[Round "3.117"]
[White "Bue, Gunnar"]
[Black "Madsen, Ole Rysgaard"]
[Result "0-1"]
[WhiteElo "1654"]
[BlackElo "1919"]
[PlyCount "68"]
[EventDate "2013.07.27"]

1. d4 Nf6 2. c4 g6 3. Nc3 d5 4. e3 Bg7 5. cxd5 Nxd5 6. Bd2 O-O 7. Rc1 c6 8. Nf3
Nd7 9. Be2 e5 10. Nxd5 cxd5 11. O-O e4 12. Ne1 a6 13. Bb4 Re8 14. Qb3 Nf6 15.
f3 exf3 16. Bxf3 Bh6 17. Bd2 b5 18. Nc2 a5 19. Rf2 Ba6 20. Ne1 b4 21. Rc5 Bc4
22. Qc2 Bf8 23. Rxc4 dxc4 24. Bxa8 Ng4 25. Bf3 Nxf2 26. Kxf2 Qh4+ 27. Kg1 c3
28. bxc3 bxc3 29. Bxc3 Rxe3 30. g3 Qe7 31. Qd2 Qe8 32. Bxa5 Bh6 33. Ng2 Rxf3
34. Qxh6 Qe2 0-1

[Event "Politiken Cup 2013"]
[Site "Helsingør "]
[Date "2013.07.28"]
[Round "3.118"]
[White "Kristensen, Thomas Overgaard"]
[Black "Nielsen, Ejgild"]
[Result "0-1"]
[WhiteElo "1645"]
[BlackElo "1900"]
[PlyCount "92"]
[EventDate "2013.07.27"]

1. d4 Nf6 2. c4 e6 3. Nc3 Bb4 4. e3 O-O 5. Bd3 d5 6. Nge2 c5 7. a3 Bxc3+ 8.
bxc3 b6 9. cxd5 exd5 10. O-O c4 11. Bc2 Re8 12. Ng3 Ne4 13. Qe1 Nxg3 14. fxg3
Nd7 15. Rf4 Nf6 16. Bd2 Qe7 17. Qe2 b5 18. a4 Bd7 19. Bc1 Ne4 20. Bxe4 dxe4 21.
Ba3 Qe6 22. axb5 Bxb5 23. Raf1 f6 24. Qh5 Bd7 25. Qa5 a6 26. Rf5 Rab8 27. Bb4
Rb5 28. Rxb5 axb5 29. Ra1 Bc6 30. Qb6 Bd7 31. Qc7 Rc8 32. Qb7 Qc6 33. Qa7 Qc7
34. Qxc7 Rxc7 35. Kf2 Kf7 36. h3 Bc6 37. g4 Kg6 38. Kg3 Rf7 39. Kf4 h5 40. Ra6
Rc7 41. Rb6 hxg4 42. Kxg4 Rc8 43. h4 Bd7+ 44. Kf4 Kh5 45. g3 Re8 46. Rb7 g5+
0-1

[Event "Politiken Cup 2013"]
[Site "Helsingør "]
[Date "2013.07.28"]
[Round "3.56"]
[White "Jacobsen, Per"]
[Black "Hansen, Ib Lynaes"]
[Result "1-0"]
[WhiteElo "1641"]
[BlackElo "1895"]
[PlyCount "96"]
[EventDate "2013.07.27"]

1. b3 d5 2. Bb2 Nf6 3. Nf3 c5 4. e3 Nc6 5. Be2 e6 6. O-O Bd6 7. d4 b6 8. Nbd2
a5 9. a3 Qc7 10. c4 a4 11. cxd5 Nxd5 12. Nc4 Be7 13. Rc1 O-O 14. bxa4 Bd7 15.
Nfe5 Nxe5 16. Nxe5 Bxa4 17. Qd2 f6 18. Nf3 Bc6 19. dxc5 Bxc5 20. Nd4 Bd7 21.
Bc4 Qd6 22. Nb5 Bxb5 23. Bxb5 Bxa3 24. Bxa3 Qxa3 25. Bc6 Rad8 26. Ra1 Qe7 27.
Qb2 Rd6 28. Bxd5 exd5 29. Ra6 Rb8 30. Qa3 Rd7 31. Qb3 Qd8 32. Re1 f5 33. f3 Kf8
34. Qb4+ Kf7 35. Qb3 Kg6 36. e4 fxe4 37. fxe4 d4 38. Qe6+ Kh5 39. Rf1 Rd6 40.
Rf5+ g5 41. Qf7+ Kh6 42. Ra7 Qg8 43. Qe7 Rg6 44. Rf7 Kh5 45. Rxh7+ Kg4 46. h3+
Kf4 47. Rf7+ Ke3 48. Ra3+ Ke2 1-0

[Event "Politiken Cup 2013"]
[Site "Helsingør "]
[Date "2013.07.28"]
[Round "3.131"]
[White "Brogaard, Lars"]
[Black "Bendixen, Daniel"]
[Result "0-1"]
[WhiteElo "1570"]
[BlackElo "1885"]
[PlyCount "86"]
[EventDate "2013.07.27"]

1. f4 d5 2. Nf3 g6 3. e3 Bg7 4. Be2 c5 5. O-O Nc6 6. d3 Nf6 7. c3 O-O 8. Na3 a6
9. Nc2 b5 10. Qe1 a5 11. Bd2 b4 12. Rc1 Qb6 13. b3 Ne8 14. Kh1 Nd6 15. c4 dxc4
16. bxc4 a4 17. Qf2 b3 18. Rb1 b2 19. e4 Bg4 20. Qh4 Bxf3 21. Rxf3 f6 22. Rh3
Kf7 23. f5 Rh8 24. Bh6 Rag8 25. Ne3 a3 26. Ng4 Ke8 27. Bxg7 Rxg7 28. Nxf6+ exf6
29. fxg6 Qd8 30. Bh5 h6 31. Rf3 Rf8 32. Qf4 Qd7 33. d4 Nxd4 34. Rxa3 Qc7 35.
Rxb2 Kd7 36. Bg4+ f5 37. exf5 N6xf5 38. Qxc7+ Kxc7 39. Ra7+ Kd6 40. Rb6+ Ke5
41. Bxf5 Nxf5 42. Raa6 Nd6 43. h3 Rf6 0-1

[Event "Politiken Cup 2013"]
[Site "Helsingør "]
[Date "2013.07.28"]
[Round "3.121"]
[White "Andersen, Dag"]
[Black "Skjolas, Erling Dyrhaug"]
[Result "1-0"]
[WhiteElo "1860"]
[BlackElo "1581"]
[PlyCount "67"]
[EventDate "2013.07.27"]

1. d4 Nf6 2. Nf3 g6 3. Bg5 Bg7 4. Nbd2 O-O 5. c3 d6 6. e3 c6 7. Bd3 Bg4 8. h3
Bxf3 9. Nxf3 Qa5 10. e4 e5 11. dxe5 dxe5 12. Qe2 Nbd7 13. O-O h6 14. Be3 Rfe8
15. Nd2 Rad8 16. a4 c5 17. Rfd1 Qc7 18. a5 Nh5 19. g3 Nf8 20. Nc4 b5 21. axb6
axb6 22. Na3 Qc8 23. Kh2 Nf6 24. f3 Ne6 25. Nb5 Rd7 26. Bc4 Ng5 27. Bxg5 hxg5
28. Nd6 Rxd6 29. Rxd6 Rd8 30. Rxd8+ Qxd8 31. Ra7 Bh6 32. Bxf7+ Kg7 33. Bd5+ Kh8
34. Ra8 1-0

[Event "Politiken Cup 2013"]
[Site "Helsingør "]
[Date "2013.07.28"]
[Round "3.122"]
[White "Jorgensen, Orla Eilegaard"]
[Black "Moller, Arne"]
[Result "1/2-1/2"]
[WhiteElo "1614"]
[BlackElo "1860"]
[PlyCount "64"]
[EventDate "2013.07.27"]

1. Nf3 Nf6 2. b3 g6 3. Bb2 Bg7 4. d4 d5 5. c4 c6 6. Nc3 O-O 7. cxd5 cxd5 8. e3
a6 9. Rc1 b5 10. Be2 Bb7 11. O-O Nbd7 12. Re1 Re8 13. Ne5 e6 14. Qd3 Rc8 15. f4
Nb6 16. Nb1 Qd6 17. Nd2 Rxc1 18. Rxc1 Rc8 19. Rxc8+ Nxc8 20. Qc2 Ne7 21. Bd3
Ne8 22. Qc1 f6 23. Nef3 Nc6 24. Ba3 b4 25. Bb2 e5 26. fxe5 fxe5 27. dxe5 Nxe5
28. Nxe5 Bxe5 29. Bxe5 Qxe5 30. Nf3 Qe7 31. Kf2 Nf6 32. h3 Qd6 1/2-1/2

[Event "Politiken Cup 2013"]
[Site "Helsingør "]
[Date "2013.07.28"]
[Round "3.132"]
[White "Nielsen, Jens Holm"]
[Black "Jensen, Hans Askov"]
[Result "1-0"]
[WhiteElo "1849"]
[BlackElo "1574"]
[PlyCount "51"]
[EventDate "2013.07.27"]

1. Nc3 e5 2. Nf3 Nc6 3. d4 exd4 4. Nxd4 Nxd4 5. Qxd4 Nf6 6. Bg5 Be7 7. O-O-O c5
8. Qh4 h6 9. e3 O-O 10. Bxh6 gxh6 11. Qxh6 Ng4 12. Qf4 d6 13. h3 Ne5 14. Be2
Bd7 15. Nd5 Ng6 16. Nxe7+ Qxe7 17. Qg3 Qe6 18. Rxd6 Qxa2 19. Bd3 Be6 20. c3 b5
21. h4 b4 22. c4 a5 23. h5 Qa1+ 24. Bb1 a4 25. hxg6 f6 26. g7 1-0

[Event "Politiken Cup 2013"]
[Site "Helsingør "]
[Date "2013.07.28"]
[Round "3.123"]
[White "Marshall, Michael"]
[Black "Kyrkjebo, Hanna B"]
[Result "1-0"]
[WhiteElo "1839"]
[BlackElo "1577"]
[PlyCount "107"]
[EventDate "2013.07.27"]

1. c4 e5 2. g3 Nc6 3. Nc3 f5 4. Bg2 Nf6 5. d3 g6 6. e4 d6 7. Nge2 Bg7 8. O-O
O-O 9. Nd5 Be6 10. Bg5 Qd7 11. Qd2 Kh8 12. Nxf6 Bxf6 13. Bh6 Rg8 14. Be3 Raf8
15. Rac1 fxe4 16. dxe4 Bh3 17. b4 Bxg2 18. Kxg2 Qe6 19. f3 Rf7 20. b5 Ne7 21.
a4 Ra8 22. Qd3 Rff8 23. Nc3 Bg7 24. Nd5 Rfc8 25. c5 dxc5 26. Nxe7 Qxe7 27. Bxc5
Qf7 28. Qd5 Qxd5 29. exd5 Rd8 30. Rfd1 Rd7 31. Rd3 a6 32. b6 c6 33. Rcd1 cxd5
34. Rxd5 Rxd5 35. Rxd5 Kg8 36. Rd7 Rc8 37. Rc7 Rb8 38. Kf2 h6 39. Ke2 Bf8 40.
Bxf8 Kxf8 41. Rh7 Kg8 42. Rc7 Kf8 43. Ke3 h5 44. Ke4 Rd8 45. Kxe5 Rb8 46. Kf6
Kg8 47. Kxg6 Kf8 48. Kxh5 Kg8 49. Kg6 Kf8 50. h4 Kg8 51. f4 a5 52. f5 Kf8 53.
Kh7 Ke8 54. Rg7 1-0

[Event "Politiken Cup 2013"]
[Site "Helsingør "]
[Date "2013.07.28"]
[Round "3.124"]
[White "Maagaard, David Bille"]
[Black "Sajjadi, Kimiya"]
[Result "1-0"]
[WhiteElo "1821"]
[BlackElo "1485"]
[PlyCount "65"]
[EventDate "2013.07.27"]

1. d4 Nf6 2. c4 e6 3. Nf3 b6 4. Nc3 Bb4 5. Bd2 d5 6. e3 Bb7 7. Rc1 Nbd7 8. a3
Be7 9. b4 dxc4 10. Bxc4 Nd5 11. O-O N7f6 12. Bb5+ c6 13. Nxd5 Qxd5 14. Bc4 Qh5
15. Ne5 Qxd1 16. Rfxd1 Bd6 17. Bb3 Bxe5 18. dxe5 Nd7 19. Bc3 c5 20. Ba4 Rd8 21.
bxc5 bxc5 22. Ba5 Ke7 23. Bxd8+ Rxd8 24. Rxd7+ Rxd7 25. Bxd7 Kxd7 26. Rxc5 a6
27. f3 Bc6 28. Kf2 h5 29. Kg3 g5 30. h4 g4 31. fxg4 hxg4 32. Rxc6 Kxc6 33. h5
1-0

[Event "Politiken Cup 2013"]
[Site "Helsingør "]
[Date "2013.07.28"]
[Round "3.55"]
[White "Larsen, Jens Evald"]
[Black "Christophersen, David"]
[Result "0-1"]
[WhiteElo "1533"]
[BlackElo "1818"]
[PlyCount "118"]
[EventDate "2013.07.27"]

1. d4 Nf6 2. c4 g6 3. Nc3 Bg7 4. e4 d6 5. f3 O-O 6. Be3 Nbd7 7. Qd2 c5 8. d5 a6
9. Bh6 Qa5 10. Bxg7 Kxg7 11. Bd3 Rb8 12. Nge2 Ne5 13. b3 Nxd3+ 14. Qxd3 b5 15.
O-O Bd7 16. cxb5 axb5 17. Rfc1 b4 18. Nd1 Bb5 19. Qd2 Qb6 20. Kh1 Qa6 21. Rc2
Bd3 22. Rb2 Nd7 23. Nf2 Bb5 24. Nc1 f5 25. Ncd3 Nb6 26. Nf4 c4 27. Ne6+ Kg8 28.
Qd4 Rf6 29. Nc7 Qa5 30. Nxb5 Qxb5 31. bxc4 Nxc4 32. Rc2 Na3 33. Rc7 Rf7 34.
Rac1 e5 35. Qa7 Rxc7 36. Qxc7 Qb6 37. Qxb6 Rxb6 38. Nd3 h5 39. Kg1 Kf7 40. Rc6
Rxc6 41. dxc6 Ke8 42. Nxb4 fxe4 43. fxe4 Kd8 44. Kf2 Kc7 45. Kg3 g5 46. Kf3 Nb5
47. a4 Nd4+ 48. Ke3 Nxc6 49. Nxc6 Kxc6 50. Kd3 Kc5 51. a5 Kb5 52. a6 Kxa6 53.
Kc4 Kb6 54. Kd5 Kc7 55. Ke6 g4 56. Kf5 Kc6 57. Kg5 d5 58. exd5+ Kxd5 59. Kf5
Kd4 0-1

[Event "Politiken Cup 2013"]
[Site "Helsingør "]
[Date "2013.07.28"]
[Round "3.109"]
[White "Madison, Sigurd"]
[Black "Hansen, Martin Mandrup"]
[Result "1-0"]
[WhiteElo "1792"]
[BlackElo "1537"]
[PlyCount "58"]
[EventDate "2013.07.27"]

1. e4 d5 2. exd5 Qxd5 3. Nc3 Qa5 4. d4 c6 5. Bc4 Bf5 6. Bd2 Qd8 7. Nf3 e6 8.
O-O Bd6 9. Re1 Nf6 10. Bg5 Nbd7 11. Nh4 Bg6 12. d5 e5 13. dxc6 Nb6 14. Bb5 O-O
15. cxb7 Rb8 16. Ba6 h6 17. Nxg6 fxg6 18. Be3 Ne8 19. Qg4 Qf6 20. Ne4 Qf7 21.
Bxb6 axb6 22. Bc4 Qxc4 23. Nf6+ Nxf6 24. Qxc4+ Kh8 25. Qc6 Bc5 26. Re2 Rf7 27.
a4 Rfxb7 28. a5 Ra7 29. c3 Rd8 1-0